000 02351cam a22005294i 4500
003 PE-LiUPU
005 20250731173011.0
008 150623s r 000 0 d
035 _a(Sirsi) a22767
040 _aPE-LiUPU
_bspa
_cPE-LiUPU
_erda
082 0 4 _a220.48
_bU61
_221
110 2 _aUnión Incaica
245 1 0 _aInstituto bíblico Sudamericano.
264 1 _aLima :
_bUnión Incaica,
_c1979.
300 _apag. varia ;
_c27 cm.
336 _atext
_2rdacontent
337 _aunmediated
_2rdamedia
338 _avolume
_2rdacarrier
500 _aInstituto realizado en el CESU del 30 de julio al 6 de agosto de 1979, auspiciado por la División Sudamericana y la Unión Incaica.
505 0 _aInstituto bíblico Sudamericano.
526 _aSEG42
526 _aSEG41
526 _aSEG40
526 _aSEG39
526 _aP94
526 _aP87
526 _aP86
526 _aP85
526 _aP77
526 _aP76
526 _aP35
630 _aBiblia
_xEstudio y enseñanza.
942 _2ddc
_cBOOK
949 _a220.48 U61
_wDEWEY
_c1
_i26461
_lCCODEBUL1
_mBUL
_p00.00
_r0
_sY
_tBOOK
_u2015-06-24
_xTEOLOGIA
_PP35
_0COMPRA
_o.STAFF. Colección General
949 _a220.48 U61
_wDEWEY
_c2
_i17110
_lCCODEBUL1
_mBUL
_p00.00
_r0
_sY
_tBOOK
_u2015-06-24
_xTEOLOGIA
_PP35
_0COMPRA
_o.STAFF. Colección General
949 _a220.48 U61
_wDEWEY
_c3
_i17111
_lCCODEBUL1
_mBUL
_p00.00
_r0
_sY
_tBOOK
_u2015-06-24
_xTEOLOGIA
_PP35
_0COMPRA
_o.STAFF. Colección General
949 _a220.48 U61
_wDEWEY
_c4
_i23648
_lCCODEBUL1
_mBUL
_p00.00
_r0
_sY
_tBOOK
_u2015-06-24
_xTEOLOGIA
_PP35
_0COMPRA
_o.STAFF. Colección General
596 _a1
999 _a220.48 U61
_wDEWEY
_c23374
_i26461
_f2021-11-9
_g5
_lCCODEBUL1
_mBUL
_r0
_sY
_tBOOK
_u2015-6-24
_xTEOLOGIA
_PP35
_0COMPRA
_o.STAFF. Colección General
_d23374
999 _a220.48 U61
_wDEWEY
_c2
_i17110
_f2021-11-9
_g5
_lCCODEBUL1
_mBUL
_r0
_sY
_tBOOK
_u2015-6-24
_xTEOLOGIA
_PP35
_0COMPRA
_o.STAFF. Colección General
999 _a220.48 U61
_wDEWEY
_c3
_i17111
_f2021-11-9
_g5
_lCCODEBUL1
_mBUL
_r0
_sY
_tBOOK
_u2015-6-24
_xTEOLOGIA
_PP35
_0COMPRA
_o.STAFF. Colección General
999 _a220.48 U61
_wDEWEY
_c4
_i23648
_f2021-11-9
_g5
_lCCODEBUL1
_mBUL
_r0
_sY
_tBOOK
_u2015-6-24
_xTEOLOGIA
_PP35
_0COMPRA
_o.STAFF. Colección General
980 _81
_gALBERTO SANCHEZ Responsable de Automatización